Rigid and Contact Endoscopy in Microlaryngeal Surgery Technique and Atlas of Clinical Cases / (Registro nro. 7302)

Detalles MARC
000 -LEADER
fixed length control field 00904nam a2200241 4500
001 - CONTROL NUMBER
control field 0000012726
005 - DATE AND TIME OF LATEST TRANSACTION
control field 20250329172017.0
007 - PHYSICAL DESCRIPTION FIXED FIELD--GENERAL INFORMATION
fixed length control field ta
008 - FIXED-LENGTH DATA ELEMENTS--GENERAL INFORMATION
fixed length control field 160627s1995 nyu 000 0 eng d
020 ## - INTERNATIONAL STANDARD BOOK NUMBER
International Standard Book Number 078170328X
040 ## - CATALOGING SOURCE
Original cataloging agency CO-CtgCURN
Language of cataloging spa
Transcribing agency coctgcurn
082 0# - DEWEY DECIMAL CLASSIFICATION NUMBER
Classification number R611.22
Item number A53r
100 1# - MAIN ENTRY--PERSONAL NAME
Personal name Andrea Mario.
245 10 - TITLE STATEMENT
Title Rigid and Contact Endoscopy in Microlaryngeal Surgery Technique and Atlas of Clinical Cases /
Statement of responsibility, etc. Mario Andrea, Oscar Dias.
260 #1 - PUBLICATION, DISTRIBUTION, ETC.
Place of publication, distribution, etc. New York : :
Name of publisher, distributor, etc. Lippincott-Raven,,
Date of publication, distribution, etc. 1995.
300 ## - PHYSICAL DESCRIPTION
Extent 115 p.
505 8# - FORMATTED CONTENTS NOTE
Formatted contents note Techniques.--Patients.--Results.--Rems rigid endoscopy performed in Microlaryngeal Surgery.--Cems contact endoscopy performed in Microlaryngeal Surgery
650 14 - SUBJECT ADDED ENTRY--TOPICAL TERM
Topical term or geographic name entry element Laringe
Form subdivision Cirugia
General subdivision Atlas.
700 1# - ADDED ENTRY--PERSONAL NAME
Personal name Díaz, Oscar.
908 ## - PUT COMMAND PARAMETER (RLIN)
Put command parameter 160627
942 ## - ADDED ENTRY ELEMENTS (KOHA)
Koha item type Diccionarios
Classification part R611.22
Item part A53r
Existencias
Withdrawn status Lost status Source of classification or shelving scheme Damaged status Not for loan Collection Home library Current library Shelving location Date acquired Inventory number Total checkouts Full call number Barcode Date last seen Price effective from Koha item type Public note
    Dewey Decimal Classification     Referencia Miguel Henríquez Emiliani Miguel Henríquez Emiliani Referencia 06/22/2017 000545   R611.22 A53r 000545 03/29/2025 03/29/2025 Diccionarios 610-CIENME